| 000 | 00732nam a2200229Ia 4500 | ||
|---|---|---|---|
| 001 | 9436 | ||
| 003 | GE_BSU | ||
| 008 | 181216s||||||||xx |||||||||||||| ||und|| | ||
| 040 | _cGE_BSU | ||
| 080 | _a821.353.1–4+821.353.1-32 | ||
| 100 | _aმორგოშია,თეიმურაზ | ||
| 245 | _aავსა და კარგზე... | ||
| 245 | _bმოთხრობა | ||
| 245 | _cრედ.მზია ხეთაგური.მხატვ.რ.მახარაძე | ||
| 260 | _aთბილისი | ||
| 260 | _bმერანი | ||
| 260 | _c1991 | ||
| 300 | _a100გვ.20სმ. | ||
| 653 | _aავსა და კარგზე... | ||
| 653 | _aმოთხრობა | ||
| 942 | _cBK | ||
| 999 |
_c42730 _d42730 |
||